[Event "Mistrovstvi CR senioru nad 70 a 80 let"]
[Site "?"]
[Date "2017.08.26"]
[Round "8"]
[White "Biza, Miroslav"]
[Black "Tomandl, Vladimir"]
[Result "1/2-1/2"]
[WhiteElo "1718"]
[BlackElo "1853"]
[PlyCount "113"]
[EventDate "2017.08.19"]

1. d4 Nf6 2. Bf4 d6 3. Nc3 g6 4. Qd2 Bg7 5. e4 O-O 6. Bh6 c6 7. f3 b5 8. Bd3 e5
9. Nge2 Nbd7 10. h4 Re8 11. Bxg7 Kxg7 12. g4 b4 13. Na4 Nf8 14. h5 Ng8 15.
O-O-O a5 16. dxe5 dxe5 17. Qe3 Qe7 18. hxg6 fxg6 19. Bc4 Be6 20. Nb6 Rab8 21.
b3 a4 22. Bxe6 Qxe6 23. Qc5 axb3 24. axb3 Red8 25. Rxd8 Rxd8 26. Qxb4 Nf6 27.
Rd1 Rxd1+ 28. Kxd1 N8d7 29. Nc4 c5 30. Qb7 g5 31. Ng3 Kg6 32. Nf5 h5 33. gxh5+
Nxh5 34. Qc8 Ng7 35. Ncd6 Kh7 36. Qd8 Nf6 37. Qc7 Nd7 38. Nxg7 Kxg7 39. Nf5+
Kg6 40. Qd6 Qxd6+ 41. Nxd6 g4 42. Ke2 gxf3+ 43. Kxf3 Kf6 44. Ke3 Ke6 45. Nb7
Kf6 46. Kd3 Kg5 47. Kc4 Kf4 48. Nd6 Nf6 49. Kd3 Kf3 50. c3 Nd7 51. b4 cxb4 52.
cxb4 Nb6 53. Nc4 Nd7 54. b5 Nc5+ 55. Kc2 Kxe4 56. b6 Kd4 57. Nxe5 1/2-1/2

[Event "Mistrovstvi CR senioru nad 70 a 80 let"]
[Site "?"]
[Date "2017.08.27"]
[Round "9"]
[White "Chmelik, Jiri"]
[Black "Vitek, Vaclav"]
[Result "1-0"]
[WhiteElo "1994"]
[BlackElo "1995"]
[PlyCount "51"]
[EventDate "2017.08.19"]

1. d4 f5 2. Nf3 e6 3. g3 Nf6 4. Bg2 c6 5. O-O Be7 6. c4 O-O 7. b3 Na6 8. Bb2 d6
9. e3 Bd7 10. Nc3 Nc7 11. Re1 Be8 12. Qc2 Bg6 13. Nh4 Be8 14. d5 cxd5 15. cxd5
g5 16. Nf3 Nfxd5 17. Nxd5 Nxd5 18. Nd4 Qd7 19. Bxd5 exd5 20. Rac1 Bd8 21. Qc3
Bf6 22. Qa5 Bf7 23. Rc7 Qd8 24. Rec1 Rc8 25. Qc3 Bxd4 26. Qxd4 1-0

[Event "Mistrovstvi CR senioru nad 70 a 80 let"]
[Site "?"]
[Date "2017.08.27"]
[Round "9"]
[White "Folta, Jaroslav"]
[Black "Volf, Jaroslav"]
[Result "0-1"]
[WhiteElo "1794"]
[BlackElo "2029"]
[PlyCount "96"]
[EventDate "2017.08.19"]

1. d4 Nf6 2. Bf4 d5 3. e3 c6 4. h3 g6 5. Nf3 Bg7 6. Bd3 O-O 7. O-O Ne4 8. Bxe4
dxe4 9. Nfd2 f5 10. c4 Nd7 11. Nc3 e5 12. dxe5 Nxe5 13. Bxe5 Bxe5 14. Qc2 Qf6
15. c5 Be6 16. Rfd1 Bc7 17. Ne2 Qe5 18. Ng3 h5 19. Nc4 Qxc5 20. Rac1 Bxg3 21.
fxg3 Rad8 22. b3 Bxc4 23. Qxc4+ Qxc4 24. bxc4 Kf7 25. Kf2 Ke7 26. Ke2 Rxd1 27.
Rxd1 Rd8 28. Rb1 b6 29. g4 Rd3 30. gxh5 gxh5 31. g4 hxg4 32. hxg4 fxg4 33. Rg1
Ra3 34. Rxg4 Rxa2+ 35. Kd1 Kd6 36. Rxe4 Kc5 37. Kc1 Ra4 38. Re7 Rxc4+ 39. Kb2
a5 40. Re8 b5 41. e4 a4 42. e5 Re4 43. Re6 b4 44. Kc2 b3+ 45. Kb2 Re2+ 46. Kc3
b2 47. Re8 b1=Q 48. e6 Qb3# 0-1

[Event "Mistrovstvi CR senioru nad 70 a 80 let"]
[Site "?"]
[Date "2017.08.27"]
[Round "9"]
[White "Mesiarik, Rudolf"]
[Black "Just, Pavel"]
[Result "1/2-1/2"]
[WhiteElo "2068"]
[BlackElo "1994"]
[PlyCount "116"]
[EventDate "2017.08.19"]

1. Nf3 b6 2. g3 Bb7 3. Bg2 e5 4. d3 d6 5. O-O Nf6 6. Nc3 Be7 7. e4 Nfd7 8. Nd5
Bxd5 9. exd5 O-O 10. Re1 Bf6 11. Rb1 a5 12. d4 exd4 13. Nxd4 Bxd4 14. Qxd4 Ne5
15. h3 Nbd7 16. a3 Qf6 17. Qc3 Rac8 18. Bd2 Ng6 19. Qe3 Qd8 20. Bc3 Re8 21. Qd4
Rxe1+ 22. Rxe1 Qf8 23. f4 Nf6 24. Qc4 Qd8 25. f5 Nf8 26. g4 N6d7 27. b4 axb4
28. axb4 f6 29. Qf4 Ne5 30. h4 Nfd7 31. Bd2 Ra8 32. g5 Ra3 33. Bc1 Rc3 34. Re2
Rc4 35. Qf2 Rxb4 36. Bh3 Qa8 37. gxf6 Nxf6 38. Bg2 Rb1 39. Re1 Qa1 40. Bd2
Rxe1+ 41. Qxe1 Qxe1+ 42. Bxe1 Kf7 43. Kf2 Nfd7 44. Kg3 h6 45. Kf4 Kf6 46. Bf1
g5+ 47. fxg6 Nxg6+ 48. Ke4 Nc5+ 49. Kd4 Ne5 50. Be2 Ncd7 51. Bd2 Nf7 52. Ke4
Nde5 53. Bh5 Nc4 54. Bc1 Nce5 55. Bb2 Nd8 56. Bc1 Ndf7 57. Bb2 Nd8 58. Bc1 Ndf7
1/2-1/2

[Event "Mistrovstvi CR senioru nad 70 a 80 let"]
[Site "?"]
[Date "2017.08.27"]
[Round "9"]
[White "Trojan, Lubos"]
[Black "Leiner, Raimund"]
[Result "1/2-1/2"]
[WhiteElo "1989"]
[BlackElo "1981"]
[PlyCount "52"]
[EventDate "2017.08.19"]

1. d4 Nf6 2. Nf3 d5 3. Bf4 e6 4. e3 c5 5. c3 Nc6 6. Nbd2 Bd7 7. Bd3 h6 8. h3 a6
9. O-O Na7 10. Re1 c4 11. Bc2 Nc8 12. Ne5 Be7 13. e4 O-O 14. Qf3 Be8 15. Qe3
Nh7 16. exd5 exd5 17. Bxh6 gxh6 18. Qxh6 f5 19. Qe6+ Kg7 20. Nef3 Rf6 21. Qe2
Bh5 22. Qf1 Nd6 23. Ne5 Ne4 24. Ndf3 Bd6 25. Re3 f4 26. Re2 Nhg5 1/2-1/2

[Event "Mistrovstvi CR senioru nad 70 a 80 let"]
[Site "?"]
[Date "2017.08.27"]
[Round "9"]
[White "Skokan, Zdenek"]
[Black "Fiser, Jiri"]
[Result "0-1"]
[WhiteElo "1936"]
[BlackElo "1901"]
[PlyCount "142"]
[EventDate "2017.08.19"]

1. d4 f5 2. Nf3 Nf6 3. c4 e6 4. Nc3 d5 5. e3 c6 6. Qc2 Bd6 7. b3 O-O 8. Bb2 Qe7
9. Bd3 Bd7 10. Ne5 Be8 11. f3 Nbd7 12. Nxd7 Bxd7 13. f4 g5 14. g3 Ne4 15. Nxe4
fxe4 16. Be2 Kh8 17. O-O Qg7 18. Qd2 g4 19. Rf2 Rf6 20. a4 h5 21. c5 Bc7 22.
Rg2 Rg8 23. Kf2 Rh6 24. Rag1 Qh7 25. Ke1 Rg7 26. Kd1 Be8 27. Kc2 Bg6 28. Kb1
Bf5 29. Ka2 Kg8 30. Bd1 Kf7 31. Qb4 Kf6 32. Rc2 Bd8 33. Qd2 h4 34. Rg2 Qh8 35.
Qf2 Rgh7 36. Be2 Kf7 37. Bf1 hxg3 38. hxg3 Rh1 39. Rg1 R1h2 40. Rg2 Rh1 41. Rg1
Rxg1 42. Qxg1 Rh1 43. Qf2 Ke7 44. Bc3 Kd7 45. Bg2 Rh2 46. Qg1 Bc7 47. Be1 b6
48. cxb6 axb6 49. Qf1 Qa8 50. Kb1 Rh8 51. Bc3 Bd6 52. Ra2 Rb8 53. Kb2 c5 54.
Qb5+ Qc6 55. Ra1 Ra8 56. Rh1 Qxb5 57. axb5 cxd4 58. exd4 Rc8 59. b4 Be7 60. Kb3
Bf6 61. Ra1 Rc4 62. Rd1 Kd6 63. Bf1 Rc8 64. Be2 Rh8 65. Ra1 Rh2 66. Bd1 Rg2 67.
Ra6 Kc7 68. Ra7+ Kb8 69. Rf7 Bd8 70. Rf8 Kc8 71. Ka4 Rxg3 0-1

[Event "Mistrovstvi CR senioru nad 70 a 80 let"]
[Site "?"]
[Date "2017.08.27"]
[Round "9"]
[White "Jacek, Miloslav"]
[Black "Klimes, Jiri"]
[Result "1-0"]
[WhiteElo "1980"]
[BlackElo "1834"]
[PlyCount "83"]
[EventDate "2017.08.19"]

1. e4 e5 2. Nf3 Nc6 3. Bc4 Bc5 4. c3 Nf6 5. d3 O-O 6. O-O d6 7. Bb3 Bg4 8. Re1
Re8 9. Nbd2 d5 10. Qe2 d4 11. Nf1 Nh5 12. h3 Bxf3 13. Qxf3 Nf6 14. Ng3 g6 15.
Bg5 Be7 16. Rad1 Kg7 17. Bc1 Na5 18. Ba4 Nc6 19. Ne2 Bc5 20. g4 Rf8 21. Qg3 Qd6
22. Kg2 dxc3 23. bxc3 a6 24. Bc2 Rae8 25. f4 Bb6 26. fxe5 Qxe5 27. Bf4 Qa5 28.
Bb3 Ne5 29. Qh4 Ng8 30. d4 Nd7 31. e5 c5 32. Bd2 Bd8 33. Qf2 b5 34. dxc5 Nxe5
35. Bf4 Nc4 36. Rd7 Re7 37. Qd4+ f6 38. Bxc4 bxc4 39. Bd6 Rxd7 40. Bxf8+ Kxf8
41. Qxd7 Bc7 42. Nd4 1-0

[Event "Mistrovstvi CR senioru nad 70 a 80 let"]
[Site "?"]
[Date "2017.08.27"]
[Round "9"]
[White "Bakalar, Jan"]
[Black "Laska, Zdenek"]
[Result "1-0"]
[WhiteElo "1946"]
[BlackElo "1856"]
[PlyCount "79"]
[EventDate "2017.08.19"]

1. e4 c5 2. Nc3 Nc6 3. g3 g6 4. Bg2 Bg7 5. d3 d6 6. Be3 e6 7. Qd2 Nge7 8. Bh6
O-O 9. h4 f6 10. Bxg7 Kxg7 11. h5 g5 12. h6+ Kh8 13. O-O-O Rg8 14. Nce2 Nd4 15.
c3 Nxe2+ 16. Nxe2 Bd7 17. d4 Bc6 18. dxc5 dxc5 19. Qd6 Qxd6 20. Rxd6 Rg6 21.
Rxe6 Ng8 22. g4 Nxh6 23. f3 Ng8 24. Ng3 Rg7 25. Nh5 Rf7 26. Rd1 Re8 27. Red6
Bb5 28. b3 Ree7 29. a4 Bd7 30. Bf1 Be6 31. Kb2 Re8 32. Bb5 Ree7 33. a5 h6 34.
a6 bxa6 35. Rxa6 Rf8 36. Rdd6 Bc8 37. Ra5 Be6 38. Raa6 Bc8 39. Rac6 a6 40. Bc4
1-0

[Event "Mistrovstvi CR senioru nad 70 a 80 let"]
[Site "?"]
[Date "2017.08.27"]
[Round "9"]
[White "Vesely, Emanuel"]
[Black "Slizek, Josef"]
[Result "0-1"]
[WhiteElo "1745"]
[BlackElo "1926"]
[PlyCount "42"]
[EventDate "2017.08.19"]

1. e4 c5 2. c3 d6 3. d4 cxd4 4. cxd4 Nf6 5. Bd3 g6 6. Nf3 Bg7 7. O-O O-O 8. b3
Nc6 9. Nbd2 b6 10. Bb2 Nh5 11. Re1 Nf4 12. Bf1 Bg4 13. Qb1 Rc8 14. Re3 d5 15.
e5 Bf5 16. Qd1 Nb4 17. Rc3 Bc2 18. Qc1 Bd3 19. Ne1 Bxf1 20. Kxf1 Qd7 21. Qd1
Qb5+ 0-1

[Event "Mistrovstvi CR senioru nad 70 a 80 let"]
[Site "?"]
[Date "2017.08.27"]
[Round "9"]
[White "Pavlu, Jiri"]
[Black "Perik, Alois"]
[Result "1/2-1/2"]
[WhiteElo "1822"]
[BlackElo "1838"]
[PlyCount "46"]
[EventDate "2017.08.19"]

1. d4 d5 2. c4 c6 3. Nc3 Nf6 4. Nf3 e6 5. Bg5 Be7 6. e3 h6 7. Bh4 O-O 8. Be2
dxc4 9. Bxc4 b5 10. Be2 a6 11. O-O Bb7 12. Rc1 Nbd7 13. a3 c5 14. dxc5 Bxc5 15.
b4 Be7 16. Nd4 Nd5 17. Bxe7 Qxe7 18. Nxd5 Bxd5 19. Bf3 Bxf3 20. Qxf3 Ne5 21.
Qe2 Rfc8 22. Rxc8+ Rxc8 23. a4 Qxb4 1/2-1/2

[Event "Mistrovstvi CR senioru nad 70 a 80 let"]
[Site "?"]
[Date "2017.08.27"]
[Round "9"]
[White "Bainhofner, Jiri"]
[Black "Biza, Miroslav"]
[Result "1-0"]
[WhiteElo "1748"]
[BlackElo "1718"]
[PlyCount "31"]
[EventDate "2017.08.19"]

1. e4 b6 2. d4 Bb7 3. c4 Bxe4 4. Nc3 Bb7 5. Nf3 Nf6 6. Bd3 e6 7. O-O d5 8. cxd5
Nxd5 9. Re1 Be7 10. a3 Nd7 11. b4 Nxc3 12. Qc2 Nd5 13. Bxh7 N7f6 14. Bg6 fxg6
15. Qxg6+ Kf8 16. Ng5 1-0